| 000 | 00458nam a2200145 a 4500 | ||
|---|---|---|---|
| 001 | 2648 | ||
| 003 | CDMR | ||
| 005 | 20130531115053.0 | ||
| 008 | 130130s1996||||||||||||||||||||||||||||d | ||
| 040 |
_aCDMR _bcat _cCPC LLEIDA |
||
| 100 | 1 |
_aTouraine, Alain _9901 |
|
| 245 | 1 | 4 |
_aLos mass media _cTOURRAIN, Alain _b¿ nuevo foro político o destrucción de la opinión pública ? |
| 260 |
_aBarcelona _c1996 _bCentre d'Investigació de la Comunicació |
||
| 942 |
_cMON _2udc |
||
| 999 |
_c2648 _d2648 |
||